LEADER 01485nam a2200361 a 4500 001 000000123380 003 CaOOAMICUS 005 20101014150015.0 008 101014t2010 it u000 u ita r 020 $a978-88-420-6514-2 040 $aPUL$bita 041 1 $aita$heng 082 04$a303.44 100 1 $aBauman, Zygmunt,$d1925-2017.$0(OLS)http://pul/name/31901 240 10$aLiquid modernity.$lItaliano.$0(OLS)http://pul/title/155498 245 10$aModernitą liquida /$cZygmunt Bauman ; traduzione di Sergio Minucci. 250 $a16. ed. 260 $aRoma ; Bari :$bEditori Laterza,$c©2010. 300 $aXXII, 272 p. ;$c21 cm. 490 1 $aSagittari Laterza ;$v133 504 $aInclude riferimenti bibliografici ed indice. 650 4$aSociologia$xStudi.$0(OLS)http://pul/subject/6921 650 4$aModernismo.$0(OLS)http://pul/subject/4140 700 1 $aMinucci, Sergio.$0(OLS)http://pul/name/64548 830 0$aSagittari Laterza ;$v133.$0(OLS)http://pul/title/18022 850 $aPUL 852 $aPUL$W1$xSL Diritto e Scienze Sociali 3$y79$m303. 44 BAUZY 2$j142007$qDDC 21$q $B140973$CPULBib$Z2$F140973 $H114907 $81 941 1 $a9 996 $6020$a978-88-420-6514-2$9(OLS)http://pul/number/145645 996 $6082$a303.44$9(OLS)http://pul/classification/624 996 $6245$aModernitą liquida$9(OLS)http://pul/title/155499 996 $6260$aRoma ; Bari :$bEditori Laterza$9(OLS)http://pul/publisher/61082 LEADER 01776nam a2200361 a 4500 001 000000169841 003 CaOOAMICUS 005 20181009135507.0 008 181009s2018 it a u000 u ita r 020 $z978-88-598-1859-5* 032 $aLibriCat 040 $aPUL$bita 082 04$a345.45052 100 1 $aDi Stefano, Michelangelo.$0(OLS)http://pul/name/109299 245 10$aIntercettazioni : $bremotizzazione e diritto di difesa nell'attivitą investigativa (profili d'intelligence) / $cMichelangelo Di Stefano, Bruno Fiammella . 250 $aII edizione. 260 $a[S.l.] :$bAltalex ;$aMilanofiori Assago :$bWolters Kluwer,$c©2018. 300 $aXVI, 318 p. : $bill. ; $c24 cm. 490 1 $aAltalex professionale ;$v49 504 $aBibliografia in nota. 650 4$aIndagini di polizia giudiziaria.$0(OLS)http://pul/subject/45655 650 4$aIntercettazioni di conversazioni o comunicazioni (diritto).$0(OLS)http://pul/subject/45654 700 1 $aFiammella, Bruno.$0(OLS)http://pul/name/109300 830 0$aAltalex professionale ;$v49.$0(OLS)http://pul/title/198905 850 $aPUL 852 $aPUL$W1$xSL Diritto e Scienze Sociali 3$y79$m345. 45052 DISMI 1$j192760$qDDC 21$B197950$CPULBib$Z2$F197950 $H131367 $81 941 1 $a9 996 $6020$z978-88-598-1859-5*$9(OLS)http://pul/number/164841 996 $6082$a345.45052$9(OLS)http://pul/classification/3028 996 $6245$aIntercettazioni : $bremotizzazione e diritto di difesa nell'attivitą investigativa (profili d'intelligence) / $9(OLS)http://pul/title/210499 996 $6260$a[S.l.] :$bAltalex$9(OLS)http://pul/publisher/85988 996 $6260$aMilanofiori Assago :$bWolters Kluwer$9(OLS)http://pul/publisher/81463